书目信息 |
| 题名: |
法理学初阶
|
|
| 作者: | 付子堂 主编 | |
| 分册: | ||
| 出版信息: | 北京 法律出版社 2006.03 |
|
| 页数: | 398页 | |
| 开本: | 20cm | |
| 丛书名: | ||
| 单 册: | ||
| 中图分类: | D90 | |
| 科图分类: | ||
| 主题词: | 法的理论 , 法学 | |
| 电子资源: | ||
| ISBN: | 7-5036-5482-1 | |
| 000 | 00572nam0 2200205 450 | |
| 001 | 1041926239 | |
| 005 | 20100607114048.01 | |
| 010 | @a7-5036-5482-1@dCNY29.00 | |
| 100 | @a20100607d2006 km y0chiy0120 ea | |
| 101 | 0 | @achi |
| 102 | @aCN@b110000 | |
| 200 | 1 | @a法理学初阶@Afa li xue chu jie@f付子堂主编@Ffu zi tang zhu bian |
| 210 | @a北京@c法律出版社@d2006.03 | |
| 215 | @a398页@d20cm | |
| 606 | 0 | @a法的理论 |
| 606 | 0 | @a法学 |
| 690 | @aD90@v4 | |
| 701 | 0 | @a付子堂@Afu zi tang@4主编 |
| 801 | 0 | @aCN@b大连网信软件有限公司图书馆·11@c20100607 |
| 905 | @aZUCC@dD90@eF8311 | |
| 法理学初阶/付子堂主编.-北京:法律出版社,2006.03 |
| 398页;20cm |
| ISBN 7-5036-5482-1:CNY29.00 |
| ● |
| 相关链接 |
|
|
|
正题名:法理学初阶
索取号:D90/F8311
 
预约/预借
| 序号 | 登录号 | 条形码 | 馆藏地/架位号 | 状态 | 备注 |
| 1 | 470126 | 204701260 | 社科库509/509社科库 79排9列6层/ [索取号:D90/F8311] | 在馆 |